000 00511nmm a2200169Ia 4500
008 251105s9999||||xx |||||||||||||||||und||
020 _a9788489564633
041 _aspa
100 _aHernández Les, Juan
245 0 _aMichael Haneke : la disparidad de lo trágico
264 _a[Madrid, España] :
_bEdiciones JC Clementine,
_c2009
300 _a223 páginas
490 _aColección Directores de cine
650 _aFilm studies
856 _uhttps://public.digitaliapublishing.com/a/8976
942 _cCF
999 _c87076
_d87076